INSTANT NOTES BIOCHEMISTRY (Record no. 443)
[ view plain ]
| 000 -LEADER | |
|---|---|
| fixed length control field | 00352nam a2200145Ia 4500 |
| 008 - FIXED-LENGTH DATA ELEMENTS--GENERAL INFORMATION | |
| fixed length control field | 150201s2005 xx 000 0 und d |
| 082 ## - DEWEY DECIMAL CLASSIFICATION NUMBER | |
| Classification number | 612.015 |
| Item number | B05H |
| 100 ## - MAIN ENTRY--PERSONAL NAME | |
| Personal name | HAMES,DAVID |
| 245 ## - TITLE STATEMENT | |
| Title | INSTANT NOTES BIOCHEMISTRY |
| 250 ## - EDITION STATEMENT | |
| Edition statement | 3RD |
| 260 ## - PUBLICATION, DISTRIBUTION, ETC. (IMPRINT) | |
| Name of publisher, distributor, etc. | TAYLOR & FRANCIS |
| Place of publication, distribution, etc. | NEW YORK |
| Date of publication, distribution, etc. | 2005 |
| 300 ## - PHYSICAL DESCRIPTION | |
| Extent | 1-438 |
| 650 ## - SUBJECT ADDED ENTRY--TOPICAL TERM | |
| Topical term or geographic name as entry element | BIOCHEMISTRY |
| 942 ## - ADDED ENTRY ELEMENTS (KOHA) | |
| Source of classification or shelving scheme | Dewey Decimal Classification |
| Koha item type | Books |
| Koha issues (borrowed), all copies | 8 |
| Withdrawn status | Lost status | Source of classification or shelving scheme | Damaged status | Not for loan | Collection code | Home library | Current library | Shelving location | Date acquired | Source of acquisition | Cost, normal purchase price | Serial Enumeration / chronology | SGTU | Bill Number | Total Checkouts | Full call number | Barcode | Date last seen | Bill Date | Koha item type | Date last checked out |
|---|---|---|---|---|---|---|---|---|---|---|---|---|---|---|---|---|---|---|---|---|---|
| Dewey Decimal Classification | MEDICAL | SGT Medical Library | SGT Medical Library | Text Book | 12/02/2010 | U.B.S. DELHI | 395.00 | I | SGTU | 950 | 612.015 B05H | FM2138 | 09/02/2015 | 29/03/2011 | Books | ||||||
| Dewey Decimal Classification | MEDICAL | SGT Medical Library | SGT Medical Library | Text Book | 12/02/2010 | U.B.S. DELHI | 395.00 | I | SGTU | 950 | 3 | 612.015 B05H | FM2139 | 24/02/2026 | 29/03/2011 | Books | 28/01/2026 | ||||
| Dewey Decimal Classification | MEDICAL | SGT Medical Library | SGT Medical Library | Text Book | 12/02/2010 | U.B.S. DELHI | 395.00 | I | SGTU | 950 | 6 | 612.015 B05H | FM2140 | 10/01/2025 | 29/03/2011 | Books | 23/12/2024 |